000 00621nam a2200229 a 4500
001 BRCA_4738
005 20190320204801.0
008 071010s1935----nyua######---#000-0#eng-#
041 _aeng
044 _anyu
050 4 _aNK2995
_b.C35 1935
100 1 _aCandee, Helen Churchill
_911999
245 1 0 _aThe Tapestry Book
_cby Helen Churchill Candee.
260 _aNueva York
_bTudor
_c1935
300 _a275 p.
_bil.
_c24 cm.
500 _aIncluye índice de ilustraciones e índice analítico
500 _aD79
650 1 4 _aTapices
_xHistoria
_95686
650 1 4 _aGobelinos
_99246
902 _aGFM
942 _2lcc
_cB
999 _c4436
_d4436